| 000 | 00922cam a22002774a 4500 | ||
|---|---|---|---|
| 001 | 11784541 | ||
| 005 | 20180814044442.0 | ||
| 008 | 990909s2000 nyua b 001|0 eng c | ||
| 010 | _a 99047277 | ||
| 020 | _a0195125282 (cloth : alk. paper) | ||
| 020 | _a0195125290 (pbk. : alk. paper) | ||
| 035 | _a(DNLM)100895929 | ||
| 040 |
_aDNLM/DLC _cDLC _dDLC |
||
| 041 | _aeng | ||
| 042 | _apcc | ||
| 060 | 1 | 0 |
_aQV 250 _bS368a 2000 |
| 080 | _a616.904 | ||
| 082 | 0 | 0 |
_a616.904 _221 |
| 100 | 1 | _a3 | |
| 101 | _aSHM | ||
| 245 | 1 | 4 |
_aThe antimicrobial drugs / _cEric M. Scholar, William B. Pratt. |
| 504 | _aIncludes bibliographical references and index. | ||
| 906 |
_a7 _bcbc _corignew _d1 _eocip _f19 _gy-gencatlg |
||
| 942 |
_2ddc _cBK |
||
| 999 |
_c47091 _d47091 |
||